Spoločensko-ekonomická efektívnosť mimovládnych organizácií
Vytváranie medzisektorových partnerstiev. Nástroje a spôsoby merania efektívnosti. Použitie metódy Six sigma na meranie efektívnosti mimovládnych organizácií. Merné veličiny a úrovne Six sigma. Riešenie organizačných problémov nástrojom DMAIC (define – measure – analyze – improve – control).
Uložené v:
| Hlavný autor: | |
|---|---|
| Ďalší autori: | , |
| Médium: | Kapitola |
| Jazyk: | Slovak |
| Predmet: | |
| Tagy: |
Žiadne tagy, Buďte prvý, kto otaguje tento záznam!
|
MARC
| LEADER | 00000nla$a2200000$$$4500 | ||
|---|---|---|---|
| 001 | 0126030 | ||
| 005 | 20240502072434.0 | ||
| 041 | 0 | |a slo | |
| 044 | |a SK | ||
| 245 | 1 | 0 | |a Spoločensko-ekonomická efektívnosť mimovládnych organizácií |c Kornélia Beličková, Sylvia Bukovová, Juraj Zelezník |
| 520 | |a Vytváranie medzisektorových partnerstiev. Nástroje a spôsoby merania efektívnosti. Použitie metódy Six sigma na meranie efektívnosti mimovládnych organizácií. Merné veličiny a úrovne Six sigma. Riešenie organizačných problémov nástrojom DMAIC (define – measure – analyze – improve – control). | ||
| 610 | 2 | 0 | |a organizácie nevládne |
| 610 | 2 | 0 | |a efektívnosť |
| 610 | 2 | 0 | |a riadenie |
| 610 | 2 | 0 | |a metódy riadenia |
| 100 | 1 | |a Beličková, Kornélia, 1966- | |
| 700 | 1 | |a Bukovová, Sylvia, 1959- | |
| 700 | 1 | |a Zelezník, Juraj | |